000 00867nam a2200217Ia 4500
003 GCL
005 20240530102245.0
008 140319s9999 xx 000 0 ara d
040 _aGCL /
_cGCL
082 0 4 _a415.1
_bح ك
100 1 _aابن الحداد، ابوعثمان سعيد
245 1 0 _aكتاب الافعال /
_cتاليف ابى عثمان سعيد بن محمد المعارفى السرقسطى ؛ تحقيق حسين محمد محمد شرف ؛ مراجعة محمد مهدى علام
260 _a[S.N] :
_bالهيئة المصرية العامة للكتاب ،
_c1992
300 _aمتعدد الترقيم
650 0 4 _aالنحو
650 0 4 _aاللغة العربية
650 0 4 _aالافعال
700 1 _aحسين محمد محمد شرف
_eمحقق
700 1 _aمحمد مهدى علام
_eمراجع
942 _2ddc
_cBK
999 _c30955
_d30955